Sir Lewis /
Biografie nabízí pohled do zákulisí sportovního života a světa rekordů slavného jezdce Formule 1 Lewise Hamiltona.
Uloženo v:
| Hlavní autor: | |
|---|---|
| Další autoři: | |
| Médium: | E-kniha |
| Jazyk: | Czech |
| Vydáno: |
V Praze :
XYZ,
2025
|
| Vydání: | První vydání |
| Témata: | |
| Tagy: |
Žádné tagy |
| LEADER | 02499nam a2200613 i 4500 | ||
|---|---|---|---|
| 001 | 312824 | ||
| 003 | CZ PrSKC | ||
| 005 | 20260601215729.0 | ||
| 007 | ta | ||
| 008 | 251002s2025 xr e 000 0bcze | ||
| 015 | |a cnb003711112 | ||
| 020 | |a 9788076839137 |q (brožováno) : |c Kč 499,00 | ||
| 035 | |a (OCoLC)1559931963 | ||
| 040 | |a OLA001 |b cze |e rda | ||
| 041 | 1 | |a cze |h eng | |
| 043 | |a e-uk--- | ||
| 045 | |a x8y2 | ||
| 072 | 7 | |a 796 |x Sport. Hry. Tělesná cvičení |2 Konspekt | |
| 072 | 7 | |a 929 |x Biografie |2 Konspekt | |
| 080 | |a 796.71.071.2 |2 MRF | ||
| 080 | |a 796.71.093.52 |2 MRF | ||
| 080 | |a 929 |2 MRF | ||
| 080 | |a (410) |2 MRF | ||
| 080 | |a (092) |2 MRF | ||
| 100 | 1 | |a Sawyer, Michael E. |7 ola20251276443 |4 aut | |
| 240 | 1 | 0 | |a Sir Lewis. |l Česky |
| 245 | 1 | 0 | |a Sir Lewis / |c Michael E. Sawyer ; z anglického originálu Sir Lewis ... přeložil Pavel Dufek |
| 250 | |a První vydání | ||
| 264 | 1 | |a V Praze : |b XYZ, |c 2025 | |
| 300 | |a 295 stran ; |c 21 cm | ||
| 336 | |a text |b txt |2 rdacontent | ||
| 337 | |a bez média |b n |2 rdamedia | ||
| 338 | |a svazek |b nc |2 rdacarrier | ||
| 500 | |a Obálkový podnázev: životopis legendy F1 | ||
| 504 | |a Obsahuje bibliografické odkazy | ||
| 520 | 2 | |a Biografie nabízí pohled do zákulisí sportovního života a světa rekordů slavného jezdce Formule 1 Lewise Hamiltona. | |
| 546 | |a Český text | ||
| 600 | 1 | 7 | |a Hamilton, Lewis Carl, |d 1985- |7 js20070824004 |2 czenas |
| 648 | 4 | |a 1985-2025 | |
| 648 | 7 | |a 20.-21. století |7 ch462155 |2 czenas | |
| 648 | 7 | |a 21. století |7 ch460559 |2 czenas | |
| 650 | 0 | 7 | |a piloti formule 1 |7 ph170410 |z Velká Británie |y 20.-21. století |2 czenas |
| 650 | 0 | 7 | |a závody formule 1 |7 ph170409 |y 21. století |2 czenas |
| 650 | 0 | 9 | |a Formula One pilots |z Great Britain |y 20th-21st centuries |2 eczenas |
| 650 | 0 | 9 | |a Grand Prix racing |y 21st century |2 eczenas |
| 655 | 7 | |a biografie |7 fd131909 |2 czenas | |
| 655 | 9 | |a biography |2 eczenas | |
| 700 | 1 | |a Dufek, Pavel, |d 1957- |7 jn20001103740 |4 trl | |
| 900 | |a ABA001 |b 20 | ||
| 928 | 9 | |a Albatros Media - XYZ | |
| 044 | |a xr | ||
| 910 | |a RBIT002 | ||
| 998 | |d 422626 |a https://core.palmknihy.cz/api/books/422626/cover?t3664o |b https://core.palmknihy.cz/api/books/422626/cover/400?t3664o |c https://core.palmknihy.cz/api/books/422626/cover/50?t3664o |e 2031-11-14 |g 340 |i 9788076839137 |j https://core.palmknihy.cz/api/books/422626/preview.epub |k https://core.palmknihy.cz/api/books/422626/preview.pdf |l |q 49 |r 1 |s https://www.palmknihy.cz/kniha/422626 |t ebook |y 2025 |z 0 | ||
| 999 | |d 312822 | ||